Изменение электропроводности кристаллов KCl с добавками двухвалентных примесей после действия рентгеновского облучения; Тезисы докладов двенадцатого совещания по люминесценции. Физика люминесцирующих ионных кристаллов (г. Львов, 30 января-5 февраля 1964 г.)

Dettagli Bibliografici
Parent link:Тезисы докладов двенадцатого совещания по люминесценции. Физика люминесцирующих ионных кристаллов (г. Львов, 30 января-5 февраля 1964 г.).— 1964.— С. 35
Autore principale: Завадовская Е. К.
Altri autori: Игнатьева М. И., Мелик-Гайказян И. Я.
Lingua:russo
Pubblicazione: 1964
Soggetti:
Natura: MixedMaterials Capitolo di libro
KOHA link:https://koha.lib.tpu.ru/cgi-bin/koha/opac-detail.pl?biblionumber=590988

MARC

LEADER 00000naa0a2200000 4500
001 590988
005 20250623171027.0
035 |a (RuTPU)RU\TPU\tpu\764 
035 |a TPU00000764 
090 |a 590988 
100 |a 20011210d1964 k||y0rusy50 ca 
101 0 |a rus 
102 |a RU 
200 1 |a Изменение электропроводности кристаллов KCl с добавками двухвалентных примесей после действия рентгеновского облучения  |f Е. К. Завадовская, М. И. Игнатьева, И. Я. Мелик-Гайказян 
463 1 |t Тезисы докладов двенадцатого совещания по люминесценции. Физика люминесцирующих ионных кристаллов (г. Львов, 30 января-5 февраля 1964 г.)  |v С. 35  |d 1964 
610 1 |a физика 
610 1 |a труды учёных ТПУ 
700 1 |a Завадовская  |b Е. К. 
701 1 |a Игнатьева  |b М. И. 
701 1 |a Мелик-Гайказян  |b И. Я. 
801 0 |a RU  |b 63413507  |c 20011210  |g PSBO 
801 2 |a RU  |b 63413507  |c 20050623  |g PSBO 
850 |a 63413507 
942 |c BK